000 00430nam a22001817a 4500
003 MPLRDC
005 20220104113516.0
008 210129b ||||| |||| 00| 0 eng d
082 _a857.63 GYD v.1
100 _a郭衣洞
245 _a秘密
_c
250 _a五版
260 _a
_b星光出版社
_c1983
300 _b
490 _a郭衣洞小说全集. 1
650 _a短篇小说--别集
942 _cBK
_o857.63 GYD v.1
999 _c195
_d185